|
|
|
|
| LEADER |
01484nam a2200421Ia 4500 |
| 001 |
EBC866806 |
| 003 |
MiAaPQ |
| 005 |
20200520144314.0 |
| 006 |
m o d | |
| 007 |
cr cn||||||||| |
| 008 |
111129s2012 enka sb 001 0 eng d |
| 010 |
|
|
|z 2011048653
|
| 020 |
|
|
|z 0521170842
|
| 020 |
|
|
|z 0521765072
|
| 020 |
|
|
|z 9780521170840
|
| 020 |
|
|
|z 9780521765077
|
| 020 |
|
|
|z 9781139230445
|
| 035 |
|
|
|a (MiAaPQ)EBC866806
|
| 035 |
|
|
|a (Au-PeEL)EBL866806
|
| 035 |
|
|
|a (CaPaEBR)ebr10559480
|
| 035 |
|
|
|a (CaONFJC)MIL357127
|
| 035 |
|
|
|a (OCoLC)793510838
|
| 040 |
|
|
|a MiAaPQ
|c MiAaPQ
|d MiAaPQ
|
| 050 |
|
4 |
|a HB615
|b .G465 2012
|
| 082 |
0 |
4 |
|a 658.4/21
|2 23
|
| 100 |
1 |
|
|a George, Gerard.
|
| 245 |
1 |
0 |
|a Models of opportunity
|h [electronic resource] :
|b how entrepreneurs design firms to achieve the unexpected /
|c Gerard George and Adam J. Bock.
|
| 260 |
|
|
|a Cambridge :
|b Cambridge University Press,
|c 2012.
|
| 300 |
|
|
|a xii, 308 p. :
|b ill.
|
| 504 |
|
|
|a Includes bibliographical references and index.
|
| 533 |
|
|
|a Electronic reproduction. Ann Arbor, MI : ProQuest, 2015. Available via World Wide Web. Access may be limited to ProQuest affiliated libraries.
|
| 650 |
|
0 |
|a Entrepreneurship.
|
| 650 |
|
0 |
|a Organizational change.
|
| 650 |
|
0 |
|a Technological innovations.
|
| 655 |
|
4 |
|a Electronic books.
|
| 700 |
1 |
|
|a Bock, Adam J.
|
| 710 |
2 |
|
|a ProQuest (Firm)
|
| 856 |
4 |
0 |
|u https://ebookcentral.proquest.com/lib/matrademy/detail.action?docID=866806
|z Click to View
|